000 00753nam a22001817a 4500
005 2012032600090.0
020 _c600.00
_a8186623868
035 _aB-136338
037 _b
_adpl
082 _a338.642
100 _a
_944315
245 _aलघु एवं गृह उद्योग /
_c
260 _aदिल्ली
_bनेशनल इंस्टीट्यूय ऑफ इन्डस्ट्रियल रिसर्च
_c
270 _a
_b
_e
_k
300 _a542पृ.
_c22सेमी (अजिल्द)
942 _adpl
_cHN
_k
_2ddc
_h338.642
_mलघुए
999 _c64395
_d64395